Tram stops norrköping - Statistics

General Stats
  • This quiz has been taken 5 times
  • The average score is 13 of 42
Answer Stats
Hint Answer % Correct
3,2 resecentrum
75%
3,2 söder tull
75%
2 Fridvalla
50%
2 Hageby centrum
50%
3 hörsalsparken
50%
3 vägträffen
50%
2 Albrektsvägen
25%
2 atriumhusen
25%
3 bastuban
25%
3 breda vägen
25%
2 Broccmansplan
25%
2 cedersborgsvägen
25%
2 degeersgatan
25%
2 djäkneparkskolan
25%
2 eneby centrum
25%
3 folkets park
25%
2 Gustaf adolfsplan
25%
3,2 hagaskolan
25%
2 heleneborgsgatan
25%
2 Hyvlaregatan
25%
3 Klockaretorpets centrum
25%
3 Klockaretorpets vändplats
25%
2 Kvarnberget
25%
2 ljura centrum
25%
2 Ljura spårvägsbro
25%
3 lokegatan
25%
3,2 marielund
25%
3,2 matteuskolan
25%
3,2 norr tull
25%
2 nya torget
25%
3,2 rådhuset
25%
3 rågången
25%
2 ringdansens centrum
25%
3 sandbyhov
25%
3 skarphagsgatan
25%
2 slåttergatan
25%
3 SMHI
25%
3 strömbacken
25%
2 styrmansgatan
25%
2 Trumpetaregatan
25%
3 väster tull
25%
3 vidablick
25%
No matching quizzes found
Score Distribution
Percent of People with Each Score
Percentile by Number Answered
Your Score History
You have not taken this quiz